| 000 | 01655nam0a22003011 4500 | ||
|---|---|---|---|
| 001 | v19\rc\1657343 | ||
| 005 | 20080619154139.1 | ||
| 035 | _a(NLR Aleph) 005229581 | ||
| 090 |
_a5590827 _c5590827 |
||
| 100 | _a20061002d1890 |||y0rusy50 ca | ||
| 101 | 0 | _arus | |
| 102 | _aRU | ||
| 105 | _ay z ||||| | ||
| 200 | 1 |
_aЗаписка ординарного академика А.Ф. Бычкова об ученых трудах члена-корреспондента императорской Академии наук К.Н. Бестужева-Рюмина _eЧит. в заседании Отд-ния рус. яз. и словесности 20 янв. 1890 г. |
|
| 210 |
_a[Санкт-Петербург _d1890] |
||
| 215 |
_a6 с. _d34 |
||
| 309 | _aБез тит. л. и обл. | ||
| 532 | 1 | 0 | _aЗаписка ординарного академика Афанасия Федоровича Бычкова об ученых трудах члена-корреспондента императорской Академии наук К.Н. Бестужева-Рюмина |
| 700 | 1 |
_aБычков _bА. Ф. _f1818-1899 _gАфанасий Федорович _3RU\NLR\AUTH\7753492 _7ca |
|
| 702 | 1 |
_6z01790 _aБестужев-Рюмин _bК. Н. _f1829-1897 _gКонстантин Николаевич _3RU\NLR\AUTH\772297 _4570 _7ca |
|
| 790 | 1 |
_6z01702 _aРюмин _bК. Н. _f1829-1897 _gКонстантин Николаевич |
|
| 801 | 0 |
_aRU _bNLR _c20061002 _gpsbo |
|
| 801 | 0 |
_aRU _bRuMoRGB _c20061002 _2psbo |
|
| 801 | 1 |
_aRU _bProSoft-M _c20061002 _2rusmarc |
|
| 801 | 2 |
_aRU _bNLR _c20080619 _2rusmarc |
|
| 852 |
_aNLR _j64-9/161 |
||
| 942 | _cBOOK | ||
| 980 | _aNB | ||